000 01066nam a22003017a 4500
001 8164
003 FISKH
005 20250829161053.0
008 250829b cb ||||| |||| 00| 0 eng d
020 _a9780590187527
040 _aFISKH
_beng
_cFISKH
_dFISKH
050 _aPZ7.B1405
082 _a823.914
100 _aM.Baglio, Ben
_d(1960-)
245 _aGoat in the garden /
_cBen M. Baglio ; Illustrations by Shelagh McNicholas ; Cover illustration by Peter Mueller
250 _aThis edition first published in 1998
260 _aLondon :
_bScholastic,
_c1994
300 _a156 pages :
_billustrations ;
_c20 cm
505 _aP
520 _aAt Animal Ark, Mandy Hope helps her parents treat animals of all shapes and sizes. Even outside the clinic, Mandy can't resist helping any animal in need.
521 8 _a630
_bLexile
521 8 _aP
_bRaz-Plus
650 _2Animal Ark
_aSocial Skills-Courage
650 _2Veterinarians / Vets
_aProfession-vets
700 _aMcNicholas, Shelagh
_dillustrator
942 _2ddc
_cBK
_n0
999 _c8164
_d8164